00464 2200169 4500245007000000020001800070250001100088100001800099650002300117005001900140260002700159041001400186084000800200500005400208490002300262336000900285 aKimia dan Unsur Bahan dan Teknologi Volume 1cJulian HolandhText a979-3535-01-6 aCet. 1 aJulian Holand aEnsiklopedia Iptek a20231108111341 aJakartabLenterac2007 aIndonesia a503 aDaftar isi : Bumi, Ruang dan Waktu, Makhluk Hidup aEnsiklopedia Iptek atext